000 00408nam a2200169Ia 4500
008 230524s9999 xx 000 0 und d
020 _a9780070667587
082 _a5.133
_bHAN
100 _aJ.Archer Harris
245 0 _aOperating Systems (Schaum's Series)
250 _a1ST
260 _aNEW DELHI
_bTMH
_c2007
300 _aXI;329
500 _aQuantity Number: 6
650 _aComp-Sc
942 _cBK
999 _c37317
_d37317